Consolidation of agricultural holdings in India: a case study of Uttar Pradesh and Punjab (Record no. 38474)

MARC details
000 -LEADER
fixed length control field 00752nam a2200169 a 4500
008 - FIXED-LENGTH DATA ELEMENTS--GENERAL INFORMATION
fixed length control field 110526s1981 ||||||||||||||||| || u
050 ## - LIBRARY OF CONGRESS CALL NUMBER
Classification number COMM (02)
100 ## - MAIN ENTRY--PERSONAL NAME
Personal name Verma, M. S
245 10 - TITLE STATEMENT
Title Consolidation of agricultural holdings in India: a case study of Uttar Pradesh and Punjab
260 ## - PUBLICATION, DISTRIBUTION, ETC.
Place of publication, distribution, etc. London:
Name of publisher, distributor, etc. Food Production and Rural Development Division, Commonwealth Secretariat
Date of publication, distribution, etc. 1981
300 ## - PHYSICAL DESCRIPTION
Extent v, 213p.: ill.
350 ## - PRICE (NR) (BK AM CF MU VM SE) [OBSOLETE]
Price 0.00
650 ## - SUBJECT ADDED ENTRY--TOPICAL TERM
Topical term or geographic name entry element AGRICULTURE
650 ## - SUBJECT ADDED ENTRY--TOPICAL TERM
Topical term or geographic name entry element AGRICULTURAL PRODUCTION
710 ## - ADDED ENTRY--CORPORATE NAME
Corporate name or jurisdiction name as entry element Food Production and Rural Development Division, Commonwealth Secretariat
995 ## - RECOMMENDATION 995 [LOCAL, UNIMARC FRANCE]
-- 0.00
-- CBU-MAIN LIBRARY (Kitwe)
-- 1
-- 0.00
-- 1
-- AVAILABLE
-- May 26, 2011
-- International Publications
Holdings
Withdrawn status Lost status Source of classification or shelving scheme Damaged status Not for loan Home library Current library Shelving location Date acquired Total Checkouts Full call number Barcode Date last seen Price effective from Koha item type
          CBU-MAIN LIBRARY, KITWE. CBU-MAIN LIBRARY, KITWE.   11/30/2022   COMM (02) Z03007903 11/30/2022 11/30/2022 MONOGRAPH